| 000 | 00903nam a22002177a 4500 | ||
|---|---|---|---|
| 003 | OSt | ||
| 005 | 20250922163351.0 | ||
| 008 | 240313b ||||| |||| 00| 0 eng d | ||
| 040 | _c0 | ||
| 082 | _aDPer 621.381 In821 August 2022 v. 37 n. 8 | ||
| 100 |
_aZang, Shaoge. _eauthor. _954525 |
||
| 245 |
_aCapacitive power transfer system with integrated wide bandwidth communication / _cShaoge Zang, Qi Zhu, Lei Zhao, and Aiguo Patrick Hu. |
||
| 260 |
_aNew York ; _bThe Institute of Electrical and Electronics Engineers, Inc. , _cAugust 2022. |
||
| 300 |
_aVolume 37, pages 8805-8810 : _billustration ; _c28 cm. |
||
| 500 | _aIEEE Transitions on Power Electronics, v. 37 n. 8, pages 8805-8810, August 2022. | ||
| 700 |
_aZang, Shaoge. _eauthor. _954525 |
||
| 700 |
_aZhu, Qi. _eauthor. _954526 |
||
| 700 |
_aZhao, Lei. _eauthor. _954527 |
||
| 700 |
_aHu, Aiguo Patrick. _eauthor. _954528 |
||
| 942 |
_2ddc _cPER |
||
| 999 |
_c19652 _d19652 |
||